000 00461nam a2200181Ia 4500
005 20250508151756.0
008 008 250505s9999 xx 000 0 hin d
037 _aTextual
040 _aFEDL
_beng
_cFEDL
041 _ahin
_2eng
084 _a920, MOH
_qFEDL
100 _aMohan M C
245 0 _aAmar joyti
260 _aDelhi, India
_bTimes Publishing Company
300 _a137p.
942 _cTEXL
_h920, MOH
999 _c1332078
_d1332078